LEADER 02538nam 2200565 450 001 9910453445703321 005 20200520144314.0 010 $a0-300-17791-7 024 7 $a10.12987/9780300177916 035 $a(CKB)2550000001205015 035 $a(EBL)4585748 035 $a(SSID)ssj0001400638 035 $a(PQKBManifestationID)12572260 035 $a(PQKBTitleCode)TC0001400638 035 $a(PQKBWorkID)11338018 035 $a(PQKB)10995058 035 $a(MiAaPQ)EBC4585748 035 $a(DE-B1597)485868 035 $a(OCoLC)880959883 035 $a(DE-B1597)9780300177916 035 $a(EXLCZ)992550000001205015 100 $a20160803h20122012 uy 0 101 0 $aeng 135 $aur|nu---|u||u 181 $ctxt 182 $cc 183 $acr 200 10$aListen, write, present $ethe elements for communicating science and technology /$fStephanie Roberson Barnard and Deborah St James 210 1$aNew Haven, [Connecticut] ;$aLondon, [England] :$cYale University Press,$d2012. 210 4$dİ2012 215 $a1 online resource (218 p.) 300 $aIncludes index. 311 $a0-300-17627-9 327 $tFront matter --$tContents --$tForeword --$tPreface --$t1. Plan --$t2. Listen --$t3. Write --$t4. Present --$t5. Meet --$t6. Serve --$tNotes --$tRecommended Resources --$tIndex 330 $aEven the best ideas have little value if they are not explained clearly, concisely, and convincingly to others. Scientists, engineers, health care professionals, and technology specialists become leaders in their fields not just by way of discovery, but by communication. In this essential book, two seasoned communication consultants offer specific, focused advice to help professionals develop, improve, and polish their interpersonal communication, writing, and presentation skills. The authors explain exactly how to manage multiple projects and interactions, collaborate with colleagues and others, gain support for ideas through presentations and proposals, and much more. 606 $aCommunication of technical information 606 $aCommunication in science 608 $aElectronic books. 615 0$aCommunication of technical information. 615 0$aCommunication in science. 676 $a601/.4 700 $aBarnard$b Stephanie$01053357 702 $aSt. James$b Deborah 801 0$bMiAaPQ 801 1$bMiAaPQ 801 2$bMiAaPQ 906 $aBOOK 912 $a9910453445703321 996 $aListen, write, present$92485220 997 $aUNINA LEADER 01480cam0-2200481---450 001 990004342240403321 005 20220930123514.0 010 $a88-06-18093-2 035 $a000434224 035 $aFED01000434224 035 $a(Aleph)000434224FED01 100 $a20101109g19661968km-y0itay50------ba 101 0 $aita 102 $aIT 105 $ay-------001yy 200 1 $aMussolini il fascista$fRenzo De Felice 210 $aTorino$cEinaudi$d1966-1968 215 $a2 v.$d22 cm 225 1 $aBiblioteca di cultura storica$v92 327 1 $a1.: La conquista del potere 1921-1925$a2.: L'organizzazione dello stato fascista 1925-1929 610 0 $aItalia$aStoria$a1921-1929 676 $a945.091 092$v21$zita 676 $a945.0915092 700 1$aDe Felice,$bRenzo$f<1929-1996>$0123070 801 0$aIT$bUNINA$gRICA$2UNIMARC 901 $aBK 912 $a990004342240403321 952 $a945.09 DEF 3 BIS$bI.st.r.c.5187$fFLFBC 952 $a945.09 DEF 3 (1)$bBrau 2018/250a$fFLFBC 952 $a945.09 DEF 3 (2)$bBrau 2018/250b$fFLFBC 952 $aCOLLEZ. 77 (92)$b2580-81$fFSPBC 952 $aXIV B 44 (VOL.I)$b4138$fFSPBC 952 $aXIV B 165 (VOL.II)$b5287$fFSPBC 952 $aSE107.06.20-1$b4888$fDECSE 952 $aSE107.06.20-2$b4888$fDECSE 952 $a10560 DEF$b7907/I$fSES 959 $aFLFBC 959 $aFSPBC 959 $aDECSE 959 $aBFS 959 $aSES 996 $aMussolini il fascista$973652 997 $aUNINA LEADER 01349nam a22003495i 4500 001 991002223749707536 007 cr nn 008mamaa 008 121227s2000 de | s |||| 0|eng d 020 $a9783540455776 035 $ab14140536-39ule_inst 040 $aBibl. Dip.le Aggr. Matematica e Fisica - Sez. Matematica$beng 082 04$a519.2$223 084 $aAMS 60-02 084 $aAMS 60E 100 1 $aGraf, Siegfried$062624 245 10$aFoundations of quantization for probability distributions$h[e-book] /$cby Siegfried Graf, Harald Luschgy 260 $aBerlin :$bSpringer,$c2000 300 $a1 online resource (x, 230 p.) 440 0$aLecture Notes in Mathematics,$x0075-8434 ;$v1730 650 0$aMathematics 650 0$aOptical pattern recognition 650 0$aDistribution (Probability theory) 650 0$aMathematical statistics 650 0$aTelecommunication 700 1 $aLuschgy, Harald$eauthor$4http://id.loc.gov/vocabulary/relators/aut$062625 773 0 $aSpringer eBooks 856 40$uhttp://dx.doi.org/10.1007/BFb0103945$zAn electronic book accessible through the World Wide Web 907 $a.b14140536$b03-03-22$c05-09-13 912 $a991002223749707536 996 $aFoundations of quantization for probability distributions$978785 997 $aUNISALENTO 998 $ale013$b05-09-13$cm$d@ $e-$feng$gde $h0$i0